| 000 | 00418nam a2200181Ia 4500 | ||
|---|---|---|---|
| 003 | GCL | ||
| 008 | 140319s9999 xx 000 0 eng d | ||
| 040 |
_aGCL / _cGCL |
||
| 082 | 0 | 4 |
_a939.73 _bL C |
| 100 | 1 | _aLANCEL, SERGE | |
| 245 | 1 | 0 |
_aCARTHAGE / _cLANCEL, SERGE |
| 260 |
_a[S.N] : _bFAYARD ، _c1992 |
||
| 300 | _a525 | ||
| 650 | 0 | 4 | _aCARTHAGE |
| 650 | 0 | 4 | _aHISTORY |
| 650 | 0 | 4 | _aNORTH AFRICA |
| 942 |
_2ddc _cBK |
||
| 999 |
_c25401 _d25401 |
||